00653nam a22001815i 4500001000700000003000900007005001700016008004100033040002000074100002900094245008600123260006700209300003600276700002600312740004900338752002400387852006000411160271ES-MaACL20230906212001.0040928s1793 ne |||| | fre d aCAM bspa cCAM1 aMouhy, Charles de Fieux.13aLa masque de fer ou Les aventures admirables du pere et du fils b: tome premier. aA La Haye : bchez Pierre de Hondt imprimeur-libraire, c1793. a[2], 142 [i.e. 138] p. ; c8ยบ.11aHondt, Pieter, eimp.41aLes aventures admirables du pere et du fils. aHolanda - dLa Haya aES-MaACLjR-744-45 z-- Enc. piel x Olim: G-1379-80